Spectroscopic analysis of gas mixtures /

Bibliographic Details
Main Author: Bochkova, O. P. (Olʹga Pavlovna)
Other Authors: Schreider, Elena IAkovlevna
Format: Book
Language:English
Russian
Published: New York : Academic Press, 1965.
Subjects:

MARC

Tag First Indicator Second Indicator Subfields
LEADER 00000cam a2200000 4500
001 in00000048082
005 20151007065528.0
008 721208s1965 nyu b 00000 eng u
010 |a  65026037  
035 |a (OCoLC)00511279 
035 |9 AAE2177AM 
040 |c CSU  |d TXA  |d UtOrBLW 
041 1 |a eng  |a rus 
049 |a TXAM  |c [457384] 
050 0 |a QD121  |b .B613 
082 0 |a 544.4 
092 |a 544.4  |b B664s, 1965 
100 1 |a Bochkova, O. P.  |q (Olʹga Pavlovna) 
245 1 0 |a Spectroscopic analysis of gas mixtures /  |c [by] O. P. Bochkova and E. Ya. Shreyder. Edited by S. E. Frisch. Translation editor: Charles P. Poole, Jr. 
264 1 |a New York :  |b Academic Press,  |c 1965. 
300 |a xi,313p :  |b illustrations ;  |c 24cm. 
336 |a text  |b txt  |2 rdacontent 
337 |a unmediated  |b n  |2 rdamedia 
338 |a volume  |b nc  |2 rdacarrier 
500 |a Translation of Spektral'nyi analiz gazovykh smesei. 
504 |a Bibliography: pages 291-309. 
650 0 |a Gases  |x Analysis. 
650 0 |a Gases  |x Spectra. 
700 1 |a Schreider, Elena IAkovlevna. 
999 |a MARS 
999 f f |s 29256dfc-37ed-36d8-94e3-91cdab891787  |i bb9ba596-0be7-36b3-9807-4c7c5c01472e  |t 0 
952 f f |p ric  |a Texas A&M University  |b Rellis Campus  |c Joint Library Facility  |d Remote Storage  |t 0  |e QD121 .B613  |h Library of Congress classification  |i unmediated -- volume  |m A14800940215 
998 f f |a QD121 .B613  |t 0  |l Remote Storage